Corrections Caselaw Quarterly

Detalles Bibliográficos
Formato: Desconocido
Lenguaje:inglés
Publicado: Estados Unidos : C R S
Materias:
Acceso en línea:Acceso restringido

MARC

LEADER 00000ny a22000003n 4500
005 20110517131213.0
008 091218s us 000 eng d
022 |a 1094-9518 
035 |a 3015 
040 |a BUS  |d vLex 
090 |c 2023  |d 2023 
245 0 0 |a Corrections Caselaw Quarterly  |h [Recurso electrn̤ico] 
256 |a Servicio en ln̕ea 
260 |a Estados Unidos :  |b C R S 
310 |a Trimestral 
506 1 |a Contenido solo disponible en los productos indicados  |d vLex Global  |d vLex Global (Academic Edition, excluding Law Schools)  |d vLex Global (Academic Edition, Law Schools) 
650 0 4 |a Criminologa̕  |x Publicaciones perid̤icas 
650 0 4 |a Derecho penal  |x Publicaciones perid̤icas 
650 0 4 |a Law enforcement and corrections 
740 0 |a vLex Revista (Servicios en ln̕ea) 
843 |a Electrn̤ica. Abierta 
853 |8 1  |i (year)  |j (month)  |k (day) 
856 4 0 |u http://vlex.com/source/3015  |z Acceso restringido 
942 |c REV